Library Banner

Deeni madaris ki masali khidmat(دینی مدارس کی تاریخی خدمات)/ (Record no. 109758)

MARC details
000 -LEADER
fixed length control field 00425nam a22001337a 4500
005 - DATE AND TIME OF LATEST TRANSACTION
control field 20201014104114.0
008 - FIXED-LENGTH DATA ELEMENTS--GENERAL INFORMATION
fixed length control field 181221b ||||| |||| 00| 0 eng d
040 ## - CATALOGING SOURCE
Transcribing agency PK-LaUMT
082 ## - DEWEY DECIMAL CLASSIFICATION NUMBER
Classification number RHC 297.07
Item number ZAH-D
100 ## - MAIN ENTRY--PERSONAL NAME
Personal name Zahid ur Rashidi
245 ## - TITLE STATEMENT
Title Deeni madaris ki masali khidmat(دینی مدارس کی تاریخی خدمات)/
Statement of responsibility, etc Zahid ur Rashidi
260 ## - PUBLICATION, DISTRIBUTION, ETC. (IMPRINT)
Place of publication, distribution, etc لاہور:
Name of publisher, distributor, etc مکۃ کتاب گھر
Date of publication, distribution, etc 2001
942 ## - ADDED ENTRY ELEMENTS (KOHA)
Koha item type Books
Holdings
Withdrawn status Lost status Damaged status Home library Current library Date acquired Full call number Barcode Date last seen Price effective from Koha item type
      UMT Main Campus UMT Main Campus 2018-12-21 RHC 297.07 ZAH-D 127060 2018-12-21 2018-12-21 Books